000 00219nam a22000857a 4500
008 161104b xxu||||| |||| 00| 0 eng d
100 _91042
_aSingh k etal
245 _aCCE Social Science VII
260 _aNew Delhi
_bFrank
_c2012
999 _c3697
_d3697